000 00276nam a22001337a 4500
082 _a894.812
_bNJA/P
100 _aNJANODHAYAN, SWAMI
245 _aPOORNNANAYA GURU
260 _aKANNUR
_bSWAMI NAJANODAYAN
300 _a96
520 _aNOVEL
650 _aNOVEL
942 _cBK
999 _c5532
_d5532